000 00753nam a22002057a 4500
999 _c16958
_d16958
003 AR-CdUCM
008 190506b ||||| |||| 00| 0 spa d
040 _aMUNICIPALIDAD PROVINCIAL DEL CUSCO
_cBIBLIOTECA MUNICIPAL DEL CUSCO
082 _a985.05 /
_bT25
100 _aTauro Del Pino, Alberto
_918053
245 _aPerú: época republicana /
260 _aLima :
_bPeisa,
_c1973.
300 _a168 páginas ;
_c17 cm.
440 _aBiblioteca peruana ;
_911247
505 _aContenido: t.1. Estado general del país al concluir la gesta libertadora -- Gobierno de la Mar -- Gobierno de Gamarra -- Confederación Perú- Boliviana...
650 _aÉpoca republicana
_9202
650 _aPerú
_935
942 _2ddc
_cLIBROS
945 _aacv
_d2019-05-06